| 000 | 01020cam a22002771i 4500 | ||
|---|---|---|---|
| 003 | SA-RiAUC | ||
| 005 | 20250718151927.0 | ||
| 008 | 250716s2013 su g 000 0 ara c | ||
| 020 | _a9786038100387 | ||
| 040 |
_aSA-JeALM _bara _cSA-RiAUC _erda |
||
| 050 | 4 | _b.S29 2013 | |
| 082 | 0 | 4 |
_a257.5 _qSA-RiAUC |
| 090 |
_a257.5 _b س ي ف |
||
| 100 | 1 |
_aالسيف، صالح بن عبد الله _eمؤلف. |
|
| 245 | 1 | 2 |
_aالوساطة العقارية وتطبيقاتها القضائية / _cعبد الله بن صالح السيف. |
| 250 | _aالطبعة الأولى. | ||
| 264 | 1 |
_aالرياض : _bدار الميمان، _c2012 |
|
| 300 |
_a620 صفحة ؛ _c24 سم |
||
| 336 |
_aنص _btxt _2rdacontent _3كتاب |
||
| 337 |
_aبدون وسيط _bn _2rdamedia |
||
| 338 |
_aمجلد _bnc _2rdacarrier |
||
| 650 | 7 |
_aالعقارات (فقه إسلامي) _2aucsh |
|
| 650 | 7 |
_aالقضاء في الإسلام _2aucsh |
|
| 942 |
_2ddc _cBOOK _n0 |
||
| 949 |
_aSA-JeALM _d250716 _umohamedma123 _n1 |
||
| 999 |
_c10072 _d10072 |
||